=LDR 00000nam 2200000 4500 =001 INLIS000000000047217 =005 20150912115156.0 =006 =007 =008 =020 ##$$a 979-489-762-0 =035 ##$$0010-091500000000047 =040 ##$$a ind =082 ##$$a 630 =090 ##$$a 630 $b Mul =100 ##$$a Mulat, Tri =245 ##$$a Pertanian Internet =250 ##$$a Cet. 1 =260 ##$$a Jakarta $b Penebar Swadaya $c 2003 =300 ##$$a viii, 120 hlm $c 20 cm =850 ##$$a NBPDMAT =990 ##$$a 0001/BPAP-NTB/2015